000 00453nam a2200145Ia 4500
008 100122s9999 xx 000 0 und d
082 _b21414
_a823
100 _aफडके ना सी
245 _aहिरा जो भंगला
260 _bपंडित अनंत कुलकर्णी
_c1975
300 _a201
630 _aहिरा जो भंगला
730 _aहिरा जो भंगला
942 _cBOOK
999 _c409430
_d409427